Samud ki tabahi/ (Record no. 614915)
[ view plain ]
| 000 -LEADER | |
|---|---|
| fixed length control field | 00341nam a22001217a 4500 |
| 082 ## - DEWEY DECIMAL CLASSIFICATION NUMBER | |
| Classification number | 297.246 |
| Author Mark | AHM |
| 100 ## - MAIN ENTRY--PERSONAL NAME | |
| Personal name | ,AhmedIshtiaq /اشتیاق احمد |
| 245 ## - TITLE STATEMENT | |
| Title | Samud ki tabahi/ |
| Remainder of title | ثمود کی تباہی |
| 260 ## - PUBLICATION, DISTRIBUTION, ETC. | |
| Place of publication, distribution, etc. | لاہور: |
| Name of publisher, distributor, etc. | دارالسلام پبلشرز, |
| Date of publication, distribution, etc. | 2005. |
| 300 ## - PHYSICAL DESCRIPTION | |
| Extent | 24p. ; |
| 563 ## - BINDING INFORMATION | |
| Binding note | PB |
| 942 ## - ADDED ENTRY ELEMENTS (KOHA) | |
| Source of classification or shelving scheme | |
| Koha item type | Book |
| Withdrawn status | Lost status | Source of classification or shelving scheme | Damaged status | Not for loan | Permanent Location | Current Location | Shelving location | Date acquired | Source of acquisition | Full call number | Barcode | Date last seen | Price effective from | Koha item type |
|---|---|---|---|---|---|---|---|---|---|---|---|---|---|---|
| Central Library (CL) | Central Library (CL) | Children Section | 09/26/2025 | Donated by Children - Summer Camp, 2025. | 297.246 AHM | CL-CS-44 | 09/26/2025 | 09/26/2025 | Children Section |
